Principals of dynamic schools : (Record no. 12639)

000 -LEADER
fixed length control field 00995pam a2200253 a 4500
020 ## - INTERNATIONAL STANDARD BOOK NUMBER
ISBN 0803960670 (cloth)
020 ## - INTERNATIONAL STANDARD BOOK NUMBER
ISBN 0803960689 (pbk.)
040 ## - CATALOGING SOURCE
Transcribing agency DLC
082 00 - DEWEY DECIMAL CLASSIFICATION NUMBER
Classification number 371 COR 1993 A021 Or.
100 1# - MAIN ENTRY--AUTHOR NAME
Personal name Goldring, Ellen B.
245 10 - TITLE STATEMENT
Title Principals of dynamic schools :
Remainder of title taking charge of change /
260 ## - PUBLICATION, DISTRIBUTION, ETC. (IMPRINT)
Place of publication Newbury Park, Calif. :
Name of publisher Corwin Press,
Year of publication c1993.
300 ## - PHYSICAL DESCRIPTION
Number of Pages xviii, 178 p. ;
Dimensions 24 cm.
500 ## - GENERAL NOTE
General note "A joint publication of the National Association of Secondary School Principals and Corwin Press."
650 #0 - SUBJECT ADDED ENTRY--TOPICAL TERM
Topical Term School principals
650 #0 - SUBJECT ADDED ENTRY--TOPICAL TERM
Topical Term School management and organization
650 #0 - SUBJECT ADDED ENTRY--TOPICAL TERM
Topical Term Educational leadership
700 1# - ADDED ENTRY--PERSONAL NAME
Personal name Rallis, Sharon F.
710 2# - ADDED ENTRY--CORPORATE NAME
Corporate name or jurisdiction name as entry element National Association of Secondary School Principals (U.S.)
856 42 - ELECTRONIC LOCATION AND ACCESS
Uniform Resource Identifier http://www.loc.gov/catdir/enhancements/fy0655/93015409-d.html
856 41 - ELECTRONIC LOCATION AND ACCESS
Uniform Resource Identifier http://www.loc.gov/catdir/enhancements/fy0655/93015409-t.html
856 42 - ELECTRONIC LOCATION AND ACCESS
Uniform Resource Identifier http://www.loc.gov/catdir/enhancements/fy0734/93015409-b.html
942 ## - ADDED ENTRY ELEMENTS (KOHA)
Koha item type សៀវភៅភាសាអង់គ្លេស
952 ## - LOCATION AND ITEM INFORMATION (KOHA)
Withdrawn status [LOCAL, KOHA] 0
Holdings
Permanent Location Date acquired Koha item type Lost status Shelving location Barcode Current Location Full call number
Library Block A2017-08-15សៀវភៅភាសាអង់គ្លេស A066A21240Library Block A371 COR 1993 A066 Or.
មជ្ឈមណ្ឌលឯការនៃសាកលវិទ្យាល័យភូមិន្ទកសិកម្មចំការដូង

Powered by Koha